000 01079nam a22003137a 4500
001 7472
003 FISKH
005 20250718091845.0
008 250718b cb ||||| |||| 00| 0 eng d
020 _a9780590847797
040 _aFISKH
_beng
_cFISKH
_dFISKH
050 _aQL544 .M26
082 _a595.78043
100 _aMarzollo, Jean
245 _aI'm a caterpillar /
_cby Jean Marzollo : Illustrated by Judith Moffatt
250 _aFirst Scholstic printing , March 1997
260 _aNew York :
_bScholastic ,
_c1997.
300 _a32 unnumbered pages :
_bcolor illustrations ;
_c23 cm .
505 _aE
520 _aProvides a simple explanation of what happens as a caterpillar changes into a butterfly--from the caterpillar's point of view.
521 8 _a270
_bLexile
521 8 _aE
_bRaz-Plus
650 _aCaterpillar
_vJuvenile Literature
650 _aButterflies-Life Cycle
_vJuvenile Literature
650 _aMetamorphosis
_vJuvenile Literature
700 _aMoffatt, Judith
_eIllustrator
942 _2ddc
_cBK
_n0
999 _c7472
_d7472